000
00190 a2200097 4500
001
8024
100
_a
Bennett, D C T
245
_a
Pathfinder
260
_a
_b
Muller
_c
090
_c
6431
_d
6431
942
_a
NUST-CAE
_c
M
_c
32969
999
_c
243097
_d
243097